| 000 | 00781cam a22001814a 4500 | ||
|---|---|---|---|
| 005 | 20250605164230.0 | ||
| 008 | 250528s ||||||||||||||||||||||||d | ||
| 035 | _a20941 | ||
| 020 | _a9789601431239 | ||
| 040 |
_aGR-AtMCL _bgre _dGR-AtMCL _eAACR2 |
||
| 245 | 1 | _aΤικ Τακ Χριστούγεννα | |
| 260 |
_bΑ. Α. Λιβάνη, _c2016 |
||
| 520 | _aΤα Χριστούγεννα μπορούν να αλλάξουν τη ζωή μας για πάντα. Να μας δείξουν τη χαρά της ζωής. Να ενώσουν οικογένειες, φίλους, γνωστούς. Να μας βγάλουν από τη μοναξιά μας για πάντα. | ||
| 700 | 1 |
_aΠετρή Δέσποινα _96929 |
|
| 942 | _cBK | ||
| 999 |
_c6018 _d6018 |
||